| 000 | 00527nam a22001937a 4500 | ||
|---|---|---|---|
| 999 |
_c167044 _d167044 |
||
| 010 | _aENG-126246 | ||
| 020 |
_a9781973191544 _c325.00 |
||
| 020 | _a1973191547 | ||
| 035 | _aEN-109778 | ||
| 037 | _bDBAD/PUB | ||
| 082 | _a808.88 | ||
| 100 | _aGoyal,Arunesh | ||
| 245 |
_aHalf An Autumn : _cby Arunesh Goyal _bPoetry , Novella & Short Storises/ |
||
| 260 |
_a Delhi _bArunesh Goyal _c2012 |
||
| 270 |
_aShahadra _b Delhi |
||
| 300 |
_a177p. _b20cm(pbk) |
||
| 760 | _b2 | ||
| 942 |
_2ddc _cEN _h808.88 _mGOY |
||